Équipes ayant encaissé le moins de buts au Championnat d'Europe - Statistiques

Statistiques générales
  • Ce quiz a été pris 19 fois
  • Le résultat moyen est 6 sur 9
Statistiques - réponses
Buts encaissés Équipes % Correct
1 Norvège
73%
3 Finlande
67%
8 Géorgie
67%
8 Albanie
60%
3 Irlande du Nord
60%
9 Islande
60%
5 Lettonie
60%
8 Macédoine du Nord
60%
7 Slovénie
47%
Aucun quiz correspondant
Distribution des résultats
% des personnes avec chaque résultat
Percentile par nombre de réponses
Votre historique - résultats
Vous n’avez pas pris ce quiz